00000000nam 2200000zi 4500
0019.948288
003CaOODSP
00520250404104104
006m     o  d f      
007cr mn|||||||||
008250221t20252025oncab   o    f000 0 eng d
020 |a9780660759234
040 |aCaOODSP|beng|erda|cCaOODSP
043 |an-cn---|af------
0861 |aFR5-237/2025E-PDF
24500|aCanada's Africa strategy : |ba partnership for shared prosperity and security.
264 1|a[Ottawa] : |bGovernment of Canada = Gouvernement du Canada, |c[2025]
264 4|c©2025
300 |a1 online resource (20 pages) : |billustrations, maps
336 |atext|btxt|2rdacontent
337 |acomputer|bc|2rdamedia
338 |aonline resource|bcr|2rdacarrier
500 |aCover title.
500 |aIssued also in French under title: Stratégie du Canada pour l'Afrique : un partenariat pour une prospérité et une sécurité partagées.
520 |a"As African countries and institutions rapidly evolve, so too must Canada’s engagement. At a time of global economic and geo-political volatility, Canada must seize opportunities to strengthen its economic and national security, including through diversifying its investments, improving supply chain resiliency, enhancing peace, security and human rights and contributing to efforts that maintain transport routes for critical goods, while promoting local benefits in Africa"--Summary, page 2.
650 0|aInternational cooperation.
651 0|aAfrica|xForeign relations|zCanada.
651 0|aCanada|xForeign relations|zAfrica.
651 0|aAfrica|xForeign economic relations|zCanada.
651 0|aCanada|xForeign economic relations|zAfrica.
7101 |aCanada. |bGlobal Affairs Canada, |eissuing body.
77508|tStratégie du Canada pour l'Afrique : |w(CaOODSP)9.948290
7760#|tCanada's Africa strategy : |w(CaOODSP)9.949086
85640|qPDF|s1.10 MB|uhttps://publications.gc.ca/collections/collection_2025/amc-gac/FR5-237-2025-eng.pdf
8564 |qHTML|sN/A|uhttps://www.international.gc.ca/gac-amc/publications/transparency-transparence/canada-africa-strategy-strategie-afrique.aspx?lang=eng